Les Simpson - S13E05 : La vieille peur d'Homer - Statistiques

Statistiques générales
  • Ce quiz a été pris 24 fois
  • Le résultat moyen est 5 sur 10
Statistiques - réponses
Question Réponse % Correct
À qui appartenait le corps que Burns a fait disparaître ? le père de Smithers
100%
Quand ils cherchent à remonter le corps avec un crochet au bout d'une corde, que remontent-ils du fond de la carrière ? un caddie de supermarché
83%
Quand Homer et Bart font croire à Marge que le véritable Burly est en train de l'appeler, d'où appellent-ils ? de chez Flanders
67%
Qui raconte l'histoire du traumatisme d'Homer ? Moe
67%
Comment Homer dit-il s'appeler lors de cet appel ? Kevin Sexington
50%
De quelle couleur est la robe que Marge porte pour le dîner qu'elle pensait faire avec le véritable Burly ? rouge
33%
Qu’espère obtenir le chef Wiggum en secourant les Simpson à l'ancienne carrière ? un bon pour des cours de guitare
33%
Lorsque Mesmerino hypnotise Homer pour le renvoyer dans sa jeunesse, à quel âge le renvoie-t-il ? 12 ans
17%
Quelle proposition n'est pas mentionnée lorsqu'ils cherchent un nom pour leur groupe d'amis durant leur jeunesse ? Homer et les vedettes
0%
Dans quoi Marge teste-t-elle en premier l'efficacité du papier absorbant Burly ? la gamelle d'eau du chien
0%
Aucun quiz correspondant
Distribution des résultats
% des personnes avec chaque résultat
Percentile par nombre de réponses
Votre historique - résultats
Vous n’avez pas pris ce quiz